[Event "SR 2. liga A 2013/2014"]
[Site "?"]
[Date "2013.11.24"]
[Round "4.6"]
[White "Liptak, Tomas"]
[Black "Sebo, Viktor"]
[Result "1-0"]
[WhiteElo "2108"]
[BlackElo "2039"]
[PlyCount "53"]
[EventDate "2013.??.??"]

1. e4 d6 2. d4 Nf6 3. Nc3 g6 4. Nf3 Bg7 5. h3 c6 6. a4 a5 7. Be3 Qb6 8. Rb1 Na6
9. Qd2 Nb4 10. Be2 Bd7 11. O-O h6 12. Nh2 g5 13. f4 d5 14. e5 Ne4 15. Nxe4 dxe4
16. e6 fxe6 17. Bh5+ Kd8 18. d5 c5 19. dxe6 Bd4 20. exd7 Nd5 21. Bxd4 cxd4 22.
fxg5 e3 23. Qe2 hxg5 24. Bg4 d3 25. Qxd3 e2+ 26. Rf2 Nc3 27. Qxc3 1-0

[Event "SR 2. liga A 2013/2014"]
[Site "?"]
[Date "2013.11.24"]
[Round "4.6"]
[White "Sklars, Tomas"]
[Black "Puskar, Peter"]
[Result "0-1"]
[WhiteElo "2004"]
[BlackElo "2063"]
[PlyCount "80"]
[EventDate "2013.??.??"]

1. Nc3 d5 2. e4 d4 3. Nce2 c5 4. d3 Nc6 5. f4 e5 6. Nf3 Bd6 7. g3 Nf6 8. Bg2
O-O 9. O-O b5 10. h3 Nd7 11. f5 c4 12. g4 f6 13. h4 Re8 14. Ng3 Rb8 15. g5 Bf8
16. Rf2 Kh8 17. Bf1 cxd3 18. cxd3 Qc7 19. Nh2 Ne7 20. Qh5 Ba6 21. Ng4 Ng8 22.
Rg2 Re7 23. Nh1 b4 24. Bd2 Qd6 25. a3 bxa3 26. bxa3 Nc5 27. Bb4 Rxb4 28. axb4
Nxd3 29. Ngf2 Nf4 30. Rxa6 Qxa6 31. Bxa6 Nxh5 32. Nd3 Rc7 33. Nhf2 Bd6 34. Ng4
Nf4 35. Nxf4 exf4 36. b5 h5 37. gxh6 gxh6 38. Nf2 Rc1+ 39. Kh2 f3+ 40. Rg3 Rc2
0-1

[Event "SR 2. liga A 2013/2014"]
[Site "?"]
[Date "2013.11.24"]
[Round "4.6"]
[White "Puchart, Vladimir"]
[Black "Sahidi, Samir"]
[Result "0-1"]
[WhiteElo "2051"]
[BlackElo "1885"]
[PlyCount "204"]
[EventDate "2013.??.??"]

1. d4 c5 2. d5 d6 3. c4 Nf6 4. Nc3 g6 5. e4 Bg7 6. f3 O-O 7. Be3 e6 8. Qd2 exd5
9. cxd5 Ne8 10. Nge2 a6 11. Bg5 Bf6 12. h4 Ng7 13. g4 Nd7 14. Ng3 Bxg5 15. hxg5
f6 16. Qh2 fxg5 17. Qxh7+ Kf7 18. O-O-O Nf6 19. Qh6 Ng8 20. Qh7 Nf6 21. Qh6 Ng8
22. Qh2 Qf6 23. Kb1 Qe5 24. Bd3 Bd7 25. Rdf1 Ke7 26. Qh7 Be8 27. Nge2 b5 28. f4
gxf4 29. Nxf4 Bf7 30. Nxg6+ Bxg6 31. Qxg6 Rxf1+ 32. Rxf1 Rf8 33. Rxf8 Kxf8 34.
g5 c4 35. Be2 Qh2 36. a3 Qf4 37. Ka2 Qg3 38. Bd1 Qf4 39. Be2 Qg3 40. Bd1 Qf4
41. Bc2 Qe5 42. Bb1 Ne8 43. Qf5+ Qxf5 44. exf5 Kf7 45. f6 Nc7 46. Bf5 Nxf6 47.
gxf6 Kxf6 48. Bd7 Ke5 49. Bc6 Kd4 50. Kb1 Kc5 51. Ne4+ Kd4 52. Nxd6 Nxd5 53.
Bb7 Nc7 54. Kc2 a5 55. Nf5+ Kc5 56. Ng3 b4 57. Ne2 Ne6 58. Bc8 Nc7 59. Bf5 Nd5
60. Kd2 Nb6 61. Bc2 Nd7 62. Ke3 Nf6 63. Kf4 Nd5+ 64. Ke4 Nb6 65. Nd4 Nd7 66.
Ne6+ Kd6 67. Nf4 Kc5 68. Ne6+ Kd6 69. Nd4 Nf6+ 70. Ke3 Kc5 71. Be4 Ng4+ 72. Kd2
Kxd4 73. Bh7 Nf6 74. Bg6 Ne4+ 75. Kc1 bxa3 76. bxa3 Nc5 77. Kc2 Nd3 78. Bf7 Ne5
79. Be6 Nf3 80. Bf7 Ne1+ 81. Kd2 Ng2 82. Bg6 Ne3 83. Bf7 c3+ 84. Kc1 Nc4 85.
Kc2 Nxa3+ 86. Kb3 Nb1 87. Bg6 Nd2+ 88. Kc2 Kc4 89. Be8 Nf3 90. Bf7+ Kb4 91. Be8
Nd4+ 92. Kc1 a4 93. Bf7 a3 94. Ba2 Nc6 95. Kc2 Ne7 96. Be6 Nf5 97. Kb1 Ne3 98.
Bf7 c2+ 99. Kc1 Kc3 100. Be6 Ng2 101. Bf7 Nf4 102. Bg6 Ne2# 0-1

[Event "SR 2. liga A 2013/2014"]
[Site "?"]
[Date "2013.11.24"]
[Round "4.6"]
[White "Vrtiakova, Anna"]
[Black "Stetina, Erik"]
[Result "0-1"]
[WhiteElo "1788"]
[BlackElo "2041"]
[PlyCount "78"]
[EventDate "2013.??.??"]

1. e4 e5 2. Nf3 Nc6 3. Nc3 Bb4 4. Bc4 Nf6 5. d3 h6 6. O-O O-O 7. h3 Re8 8. Be3
Na5 9. Bb3 Nxb3 10. axb3 c6 11. Nh2 d5 12. Bd2 Bxc3 13. Bxc3 dxe4 14. dxe4 Qxd1
15. Rfxd1 Nxe4 16. Nf3 Nxc3 17. bxc3 Bf5 18. Rd2 f6 19. c4 a6 20. Rad1 Kf7 21.
c3 Be6 22. c5 a5 23. Rb1 Red8 24. c4 Ke7 25. Rbb2 Rd7 26. Rxd7+ Kxd7 27. Nd2
Bf5 28. Ra2 Kc7 29. Kf1 b6 30. cxb6+ Kxb6 31. Ke2 Rd8 32. Ke3 Rd3+ 33. Ke2 Rc3
34. Kd1 Bd3 35. f3 f5 36. Ra1 Bc2+ 37. Ke2 Bxb3 38. Rb1 a4 39. Rb2 Kc5 0-1

[Event "SR 2. liga A 2013/2014"]
[Site "?"]
[Date "2013.11.24"]
[Round "4.6"]
[White "Doucha, Ludvik"]
[Black "Macko, Peter"]
[Result "1-0"]
[WhiteElo "2039"]
[BlackElo "1768"]
[PlyCount "105"]
[EventDate "2013.??.??"]

1. e4 e6 2. d4 d5 3. Nc3 Bb4 4. e5 c5 5. a3 cxd4 6. axb4 dxc3 7. bxc3 Qc7 8.
Qd4 Nc6 9. Bb5 Bd7 10. Bxc6 Bxc6 11. Nf3 Bb5 12. Bd2 Ne7 13. Qc5 Qxc5 14. bxc5
h6 15. Rb1 Ba6 16. Be3 Kd7 17. Kd2 Nc6 18. Ra1 Bc4 19. Rhb1 Kc7 20. Bd4 a5 21.
Ra4 Rhf8 22. Ke3 f5 23. h4 g6 24. Nd2 Ba6 25. f4 Ra7 26. Rba1 Bb5 27. R4a3 a4
28. Rb1 Ra5 29. Rg1 Ne7 30. Nf3 Ra6 31. Kf2 Kd7 32. g3 Ke8 33. h5 Rg8 34. hxg6
Rxg6 35. Rh1 Kf7 36. Rb1 Bc6 37. Be3 Rg8 38. Rh1 Kg7 39. Nd4 Bd7 40. Rb1 Ra7
41. Rb6 Nc8 42. Rb4 Ne7 43. c6 bxc6 44. Nxe6+ Kf7 45. Bxa7 Kxe6 46. Bc5 h5 47.
Raxa4 Nc8 48. Rb7 h4 49. gxh4 Rg4 50. h5 Rh4 51. Kg3 Rxh5 52. Ra8 Rh1 53. Rxc8
1-0

[Event "SR 2. liga A 2013/2014"]
[Site "?"]
[Date "2014.01.11"]
[Round "5.1"]
[White "Sipos, Istvan"]
[Black "Petenyi, Tamas"]
[Result "1/2-1/2"]
[WhiteElo "2465"]
[BlackElo "2464"]
[PlyCount "98"]
[EventDate "2013.??.??"]

1. c4 e5 2. Nc3 Bb4 3. Nd5 Be7 4. d4 d6 5. Nf3 e4 6. Nd2 f5 7. Nb1 Nf6 8. Nbc3
O-O 9. h4 c6 10. Nxe7+ Qxe7 11. Bf4 Be6 12. e3 Rd8 13. Be2 Bf7 14. b4 c5 15.
bxc5 dxc5 16. d5 Nc6 17. Qb3 Ne5 18. O-O h6 19. Rfd1 Nfg4 20. Bg3 b6 21. a4 g5
22. hxg5 hxg5 23. d6 Qf6 24. a5 Kg7 25. Nd5 Bxd5 26. Rxd5 Rh8 27. Bxg4 Nxg4 28.
Re1 Qh6 29. Kf1 Qh1+ 30. Ke2 Qxg2 31. d7 Qf3+ 32. Kd2 Kf7 33. Qd1 Nf6 34. Qxf3
exf3 35. Rxf5 Ke6 36. Rxf3 Rad8 37. e4 Rxd7+ 38. Kc3 Rd4 39. Rfe3 Nd7 40. Ra1
Nf6 41. axb6 axb6 42. Rae1 Ra8 43. Kb3 b5 44. cxb5 Rb4+ 45. Kc3 Ra3+ 46. Kc2
Ra2+ 47. Kc3 Ra3+ 48. Kc2 Ra2+ 49. Kc3 Ra3+ 1/2-1/2

[Event "SR 2. liga A 2013/2014"]
[Site "?"]
[Date "2014.01.11"]
[Round "5.1"]
[White "Takacs, Laszlo"]
[Black "Berczes, Csaba"]
[Result "0-1"]
[WhiteElo "2130"]
[BlackElo "2366"]
[PlyCount "94"]
[EventDate "2013.??.??"]

1. e4 d6 2. d4 Nf6 3. Nc3 Nbd7 4. Nf3 e5 5. Bc4 Be7 6. O-O O-O 7. h3 c6 8. Bb3
b5 9. d5 cxd5 10. Nxd5 Nxd5 11. Bxd5 Rb8 12. Be3 Qc7 13. b3 Nf6 14. c4 bxc4 15.
bxc4 Nxd5 16. cxd5 f5 17. exf5 Bxf5 18. Qa4 Rb7 19. Rac1 Qd7 20. Qxd7 Bxd7 21.
Nd2 Be8 22. Nb3 Bd8 23. Rc8 Bf7 24. f4 exf4 25. Rxf4 Bf6 26. Rxf8+ Kxf8 27. Ra4
Bxd5 28. Rxa7 Rb4 29. Nd2 Rb2 30. Ra6 Ke7 31. a4 Ra2 32. Nf3 Ke6 33. Bf4 Bxf3
34. gxf3 Bd4+ 35. Kf1 Bc5 36. Ke1 Kd5 37. h4 g6 38. Kd1 Rf2 39. Bg5 Rxf3 40.
Ke2 Ke4 41. Ra8 Rf2+ 42. Ke1 Kd3 43. Rh8 Rf7 44. Rb8 Bf2+ 45. Kd1 Bd4 46. Re8
Be5 47. Bd2 Rf2 0-1

[Event "SR 2. liga A 2013/2014"]
[Site "?"]
[Date "2014.01.11"]
[Round "5.1"]
[White "Janko, Michal"]
[Black "Blaho, Stefan"]
[Result "1/2-1/2"]
[WhiteElo "2260"]
[BlackElo "2122"]
[PlyCount "50"]
[EventDate "2013.??.??"]

1. e4 c5 2. Nf3 d6 3. c3 Nf6 4. Be2 Bg4 5. h3 Bh5 6. O-O Nc6 7. d4 cxd4 8. cxd4
d5 9. e5 Ne4 10. Na3 e6 11. Nc2 Be7 12. g4 Bg6 13. Kg2 f6 14. Bd3 fxe5 15. Nxe5
Nxe5 16. dxe5 O-O 17. Be3 Qc7 18. f4 Nc5 19. Bxg6 hxg6 20. Nd4 Qd7 21. f5 gxf5
22. gxf5 exf5 23. Qh5 Nd3 24. Nxf5 Qe6 25. Bd4 Rac8 1/2-1/2

[Event "SR 2. liga A 2013/2014"]
[Site "?"]
[Date "2014.01.11"]
[Round "5.1"]
[White "Rachela, Jozef"]
[Black "Farkas, Gabor"]
[Result "0-1"]
[WhiteElo "2078"]
[BlackElo "2307"]
[PlyCount "90"]
[EventDate "2013.??.??"]

1. d4 Nf6 2. c4 g6 3. Nc3 Bg7 4. g3 d6 5. Bg2 O-O 6. Nf3 Nc6 7. O-O a6 8. Bg5
h6 9. Bf4 Bf5 10. Rc1 Ne4 11. Be3 Qd7 12. Nd5 g5 13. h4 e6 14. Nc3 Nxc3 15.
Rxc3 g4 16. Ne1 e5 17. d5 Ne7 18. c5 Bg6 19. cxd6 cxd6 20. Qc1 Nf5 21. Nc2 Rac8
22. Qd2 Rxc3 23. bxc3 Rc8 24. Rc1 Qa4 25. Nb4 Nxe3 26. Qxe3 a5 27. Nd3 Qxa2 28.
Qb6 Qxe2 29. Qxb7 Rf8 30. Bf1 Qf3 31. Ne1 Qf6 32. Qa7 e4 33. Qxa5 e3 34. Qa2
Qe5 35. Ng2 exf2+ 36. Qxf2 Qxd5 37. Ne3 Qe6 38. Bc4 Qc8 39. Qf4 Qc5 40. Kh2 Re8
41. Nxg4 h5 42. Rf1 Re7 43. Nf6+ Bxf6 44. Qxf6 Qxc4 45. Rf4 Re2+ 0-1

[Event "SR 2. liga A 2013/2014"]
[Site "?"]
[Date "2014.01.11"]
[Round "5.1"]
[White "Janko, Ladislav"]
[Black "Partys, Petr"]
[Result "1/2-1/2"]
[WhiteElo "2202"]
[BlackElo "2007"]
[PlyCount "86"]
[EventDate "2013.??.??"]

1. e4 c5 2. Nf3 d6 3. c3 Nf6 4. h3 Nbd7 5. Bd3 g6 6. Bc2 Bg7 7. d4 Qc7 8. O-O
O-O 9. Re1 e5 10. a4 a6 11. Nbd2 Rb8 12. b4 exd4 13. bxc5 dxc5 14. cxd4 cxd4
15. Nxd4 Nc5 16. Bb2 Rd8 17. N2f3 Bd7 18. Ra3 Rbc8 19. Qa1 Nh5 20. Rae3 Nf4 21.
e5 Nce6 22. Bb3 Qb8 23. h4 Bc6 24. Nxc6 bxc6 25. Bc4 Qb4 26. Qa2 Nd5 27. Re4
Qa5 28. Ng5 Nc5 29. R4e2 h6 30. Ne4 Ne6 31. Nd6 Rb8 32. Rd1 Nef4 33. Re4 Rxd6
34. Rxf4 Nxf4 35. Rxd6 Qe1+ 36. Kh2 Qxf2 37. Bc3 Qxh4+ 38. Kg1 Ne6 39. Rxc6 Rd8
40. Qe2 Nf4 41. Qf3 Ne6 42. a5 Ng5 43. Qe2 Qg3 1/2-1/2

[Event "SR 2. liga A 2013/2014"]
[Site "?"]
[Date "2014.01.11"]
[Round "5.1"]
[White "Edes, Zsofia"]
[Black "Balogh, Peter"]
[Result "0-1"]
[WhiteElo "2008"]
[BlackElo "2081"]
[PlyCount "70"]
[EventDate "2013.??.??"]

1. d4 Nf6 2. c4 c5 3. d5 e6 4. Nc3 exd5 5. cxd5 d6 6. e4 g6 7. f4 Bg7 8. Nf3
O-O 9. Be2 Re8 10. e5 dxe5 11. fxe5 Ng4 12. Bg5 Qb6 13. O-O Nxe5 14. d6 Qxb2
15. Nd5 Nxf3+ 16. Bxf3 Qd4+ 17. Kh1 Qxa1 18. Qxa1 Bxa1 19. Rxa1 Nd7 20. Ne7+
Kg7 21. Nxc8 Raxc8 22. Bxb7 f6 23. Bxc8 Rxc8 24. Re1 Ne5 25. Bf4 Rd8 26. Bxe5
fxe5 27. Rxe5 Rxd6 28. h3 Rc6 29. Re7+ Kf6 30. Rxa7 c4 31. Rd7 c3 32. Rd1 c2
33. Rc1 Ke5 34. Kg1 Kd4 35. Kf2 Kc3 0-1

[Event "SR 2. liga A 2013/2014"]
[Site "?"]
[Date "2014.01.11"]
[Round "5.1"]
[White "Dvorsky, Jozef"]
[Black "Kahancova, Jana"]
[Result "1-0"]
[WhiteElo "2013"]
[BlackElo "1652"]
[PlyCount "31"]
[EventDate "2013.??.??"]

1. e4 e5 2. Nf3 Nc6 3. Bb5 a6 4. Ba4 Nf6 5. Qe2 d6 6. h3 b5 7. Bb3 Be7 8. c3
Na5 9. Bc2 c5 10. O-O Nb7 11. a4 Bd7 12. d4 exd4 13. cxd4 O-O 14. e5 dxe5 15.
dxe5 Ne8 16. Qe4 1-0

[Event "SR 2. liga A 2013/2014"]
[Site "?"]
[Date "2014.01.11"]
[Round "5.1"]
[White "Kahanec, Jan"]
[Black "Kosar, Mikulas st"]
[Result "1/2-1/2"]
[WhiteElo "1693"]
[BlackElo "1701"]
[PlyCount "53"]
[EventDate "2013.??.??"]

1. e4 e5 2. Nc3 Nf6 3. Bc4 Nc6 4. d3 d6 5. a3 h6 6. Nge2 Bg4 7. O-O a6 8. h3
Bh5 9. Be3 Be7 10. Qd2 O-O 11. f4 Bxe2 12. Nxe2 exf4 13. Nxf4 Ne5 14. Ba2 Kh8
15. Nd5 c6 16. Nxf6 Bxf6 17. Bxh6 Kh7 18. Be3 Qe7 19. Qe2 g6 20. Bd2 Kg7 21.
Bc3 Rae8 22. Rae1 Bh4 23. Rd1 Qg5 24. Bd2 Qe7 25. Bc3 Qg5 26. Bd2 Qe7 27. Bc3
1/2-1/2

[Event "SR 2. liga A 2013/2014"]
[Site "?"]
[Date "2014.01.11"]
[Round "5.2"]
[White "Marosi, Csaba"]
[Black "Cech, Dominik"]
[Result "1/2-1/2"]
[WhiteElo "1999"]
[BlackElo "2106"]
[PlyCount "37"]
[EventDate "2013.??.??"]

1. e4 c5 2. Nf3 e6 3. d4 cxd4 4. Nxd4 Nc6 5. Nxc6 bxc6 6. c4 Nf6 7. Bd3 e5 8.
O-O Be7 9. Nc3 O-O 10. Be3 d6 11. h3 Nd7 12. Qd2 Qc7 13. Rac1 Bb7 14. Rfd1 Rfe8
15. Be2 Nf8 16. Bg4 Bc8 17. Qe2 Qb7 18. b3 Bxg4 19. Qxg4 1/2-1/2

[Event "SR 2. liga A 2013/2014"]
[Site "?"]
[Date "2014.01.11"]
[Round "5.2"]
[White "Danada, Tomas"]
[Black "Veselsky, Jozef"]
[Result "1/2-1/2"]
[WhiteElo "2099"]
[BlackElo "2160"]
[PlyCount "93"]
[EventDate "2013.??.??"]

1. d4 d5 2. c4 e6 3. Nf3 Nf6 4. g3 c6 5. Bg2 Bd6 6. Nc3 O-O 7. O-O Nbd7 8. Nd2
Bb4 9. Qc2 dxc4 10. Nxc4 Nb6 11. Nxb6 Qxb6 12. a3 Be7 13. Rd1 Bd7 14. Na4 Qc7
15. Bf4 Bd6 16. Bxd6 Qxd6 17. Qc5 Qc7 18. Qe5 Rac8 19. Rac1 Rfd8 20. Nc5 Be8
21. Qxc7 Rxc7 22. e3 Nd7 23. Bf3 Nxc5 24. dxc5 Rcd7 25. Kf1 Kf8 26. Rxd7 Rxd7
27. Ke2 Ke7 28. Rc4 f6 29. Ra4 a6 30. e4 Bf7 31. Ke3 e5 32. Bg4 Be6 33. Bxe6
Kxe6 34. Rb4 Ke7 35. Rb3 g5 36. f4 exf4+ 37. gxf4 Ke6 38. Rb4 h5 39. h3 g4 40.
hxg4 hxg4 41. Rd4 Rxd4 42. Kxd4 f5 43. e5 a5 44. b3 Kf7 45. Ke3 Kg6 46. Kf2 Kf7
47. Ke2 1/2-1/2

[Event "SR 2. liga A 2013/2014"]
[Site "?"]
[Date "2014.01.11"]
[Round "5.2"]
[White "Darazs, Zoltan"]
[Black "Petrik, Stanislav"]
[Result "1-0"]
[WhiteElo "2108"]
[BlackElo "2175"]
[PlyCount "75"]
[EventDate "2013.??.??"]

1. d4 Nf6 2. c4 e6 3. Nc3 Bb4 4. Qc2 c5 5. dxc5 Bxc5 6. Nf3 Nc6 7. Bf4 Nh5 8.
Bg3 Nxg3 9. hxg3 h6 10. e3 b6 11. g4 Bb7 12. g5 Nb4 13. Qd2 Bxf3 14. gxf3 Qxg5
15. O-O-O Rd8 16. a3 Nc6 17. f4 Qe7 18. b4 Nxb4 19. axb4 Bxb4 20. Qd4 O-O 21.
Bd3 f5 22. Bc2 Bc5 23. Qd3 Qf6 24. Bb3 Kh8 25. Kb1 a6 26. Na4 d5 27. cxd5 exd5
28. Bxd5 Qe7 29. Qc3 Rf6 30. Qe5 b5 31. Nxc5 Qxc5 32. Bb3 Qf8 33. Rxd8 Qxd8 34.
Rd1 Qf8 35. Qc7 Kh7 36. Kb2 Qb4 37. Qc8 h5 38. Qg8+ 1-0

[Event "SR 2. liga A 2013/2014"]
[Site "?"]
[Date "2014.01.11"]
[Round "5.2"]
[White "Petrik, Karol"]
[Black "Kalmar, Tamas"]
[Result "0-1"]
[WhiteElo "2107"]
[BlackElo "1974"]
[PlyCount "88"]
[EventDate "2013.??.??"]

1. e4 c6 2. d4 d5 3. f3 g6 4. Nc3 Bg7 5. Be3 dxe4 6. fxe4 Nf6 7. Nf3 Ng4 8. Bg1
O-O 9. h3 Nf6 10. Qd2 Nbd7 11. O-O-O b5 12. e5 b4 13. exf6 bxc3 14. Qxc3 Nxf6
15. Qxc6 Be6 16. Qa4 Nd5 17. Kb1 Qb6 18. Qb5 Qd8 19. Bh2 Rc8 20. Bd3 a6 21. Qa4
Qb6 22. Ka1 Nb4 23. c3 Nxd3 24. Rxd3 Rc4 25. Qd1 Rfc8 26. Re1 Bf5 27. Rde3 Qa5
28. Qb3 Ra4 29. Rxe7 Rf8 30. g4 Bc2 31. Bc7 Bxb3 32. Bxa5 Rxa2+ 33. Kb1 Rxa5
34. Nd2 Be6 35. Kc2 Rc8 36. Kd3 h5 37. Rg1 hxg4 38. hxg4 Ra2 39. b4 Ra3 40. Nb1
Ra1 41. Ra7 Bxg4 42. Rxg4 Rxb1 43. Kc2 Rxb4 44. Rxa6 Bxd4 0-1

[Event "SR 2. liga A 2013/2014"]
[Site "?"]
[Date "2014.01.11"]
[Round "5.2"]
[White "Vegh, Vince"]
[Black "Karas, Marek"]
[Result "0-1"]
[WhiteElo "1938"]
[BlackElo "2037"]
[PlyCount "92"]
[EventDate "2013.??.??"]

1. e4 e6 2. Qe2 c5 3. Nf3 Nc6 4. g3 g6 5. Bg2 Bg7 6. O-O Nge7 7. d3 d6 8. Nc3
O-O 9. Be3 a6 10. Qd2 Nd4 11. Rad1 e5 12. Ne2 f5 13. exf5 Nxe2+ 14. Qxe2 Nxf5
15. Bc1 Rb8 16. c3 Re8 17. Rfe1 Bd7 18. Ng5 Bc6 19. d4 Bxg2 20. Kxg2 cxd4 21.
Qc4+ d5 22. Qb3 Qd7 23. f4 h6 24. Nf3 e4 25. Nxd4 Bxd4 26. cxd4 Rbc8 27. Be3
Rc4 28. Rc1 Rec8 29. Rxc4 Rxc4 30. Bf2 Qc6 31. Qd1 Rc2 32. Re2 Rc1 33. Qd2 h5
34. h3 Ra1 35. g4 hxg4 36. hxg4 Nh6 37. g5 Nf5 38. Qa5 Qd7 39. Qb6 Nd6 40. Bg3
Rc1 41. Qb3 Qb5 42. Qe3 Rd1 43. b3 Nf5 44. Qf2 e3 45. Rxe3 Nxe3+ 46. Kh3 Qd7+
0-1

[Event "SR 2. liga A 2013/2014"]
[Site "?"]
[Date "2014.01.11"]
[Round "5.2"]
[White "Polacik, Igor"]
[Black "Szitasi, Janos"]
[Result "1-0"]
[WhiteElo "2168"]
[BlackElo "1983"]
[PlyCount "75"]
[EventDate "2013.??.??"]

1. e4 c5 2. Nf3 d6 3. c4 Nc6 4. Be2 Nf6 5. Nc3 g6 6. d4 cxd4 7. Nxd4 Bg7 8. Be3
O-O 9. O-O Bd7 10. Qd2 Rc8 11. Nxc6 Bxc6 12. f3 b6 13. Rfd1 Qc7 14. Rac1 Qb7
15. Bf1 Rfe8 16. Ne2 Rc7 17. Nd4 Rec8 18. Nxc6 Rxc6 19. b3 Nd7 20. Qf2 Ne5 21.
Be2 Nd7 22. f4 h5 23. Bf3 e5 24. f5 Nf6 25. Qh4 Nh7 26. Qg3 Nf8 27. Bxh5 gxh5
28. f6 Ng6 29. fxg7 Kxg7 30. Qf3 Qe7 31. Qxh5 Rh8 32. Qg5 Qxg5 33. Bxg5 Rh5 34.
Bd2 Kf6 35. g3 Ke6 36. Rc3 Rc7 37. Rd3 a5 38. Bc1 1-0

[Event "SR 2. liga A 2013/2014"]
[Site "?"]
[Date "2014.01.11"]
[Round "5.2"]
[White "Both, Lajos"]
[Black "Krajnak, Robert"]
[Result "0-1"]
[WhiteElo "1815"]
[BlackElo "2045"]
[PlyCount "132"]
[EventDate "2013.??.??"]

1. e4 c5 2. c3 b6 3. d4 Bb7 4. Bd3 Nf6 5. Qe2 g6 6. Nf3 Bg7 7. O-O O-O 8. Bg5
a5 9. Re1 Na6 10. Na3 cxd4 11. cxd4 Nb4 12. Bxf6 Bxf6 13. Bb5 Bg7 14. Nc2 Nxc2
15. Qxc2 Rc8 16. Qd3 Qc7 17. Re2 d6 18. Rae1 Qb8 19. Nd2 Rc7 20. f3 Rfc8 21.
Nc4 Qa7 22. Na3 Rc1 23. Nc4 Rxe1+ 24. Rxe1 d5 25. Ne3 dxe4 26. fxe4 Rd8 27. Nc2
Qa8 28. b3 e6 29. a4 Rd6 30. Qe3 Qc8 31. Re2 Rd8 32. Rf2 Qc7 33. Rd2 Qe7 34.
Bc4 Qh4 35. Re2 Bh6 36. Qf2 Qg5 37. Qf1 Bg7 38. Qd1 Qf4 39. d5 Be5 40. g3 Qf3
41. Qf1 Qxf1+ 42. Kxf1 exd5 43. exd5 Bc3 44. Re3 Bf6 45. Rd3 Be7 46. Kf2 Bc5+
47. Kf3 Kg7 48. Ne3 h5 49. Ng2 Kf6 50. Ke4 Re8+ 51. Kf3 Ke5 52. Rd2 Kd6 53. Rd3
Bc8 54. Ne3 Bd7 55. Kf4 Re5 56. h4 f6 57. Rc3 g5+ 58. hxg5 fxg5+ 59. Kf3 h4 60.
gxh4 gxh4 61. Kf4 h3 62. Nf1 Rf5+ 63. Kg3 Rg5+ 64. Kh4 Rg2 65. Rxh3 Bf2+ 66.
Ng3 Bxh3 0-1

[Event "SR 2. liga A 2013/2014"]
[Site "?"]
[Date "2014.01.11"]
[Round "5.3"]
[White "Banas, Jan"]
[Black "Rohacek, Miroslav"]
[Result "1/2-1/2"]
[WhiteElo "2293"]
[BlackElo "2246"]
[PlyCount "118"]
[EventDate "2013.??.??"]

1. c4 e5 2. Nc3 Nf6 3. Nf3 Nc6 4. g3 Bb4 5. Bg2 Bxc3 6. bxc3 O-O 7. O-O d6 8.
d3 a6 9. a4 Na5 10. e4 b6 11. Nh4 h6 12. Nf5 Kh7 13. f4 Bd7 14. Ra2 Ng8 15. Ne3
b5 16. axb5 axb5 17. cxb5 Bxb5 18. fxe5 dxe5 19. Ba3 Re8 20. Rxf7 Nf6 21. Nf5
Rg8 22. Rf2 Qxd3 23. Qxd3 Bxd3 24. Ne7 Nc4 25. R2xf6 Rxa3 26. Nxg8 Kxg8 27.
Rf8+ Kh7 28. Rf2 Ra1+ 29. Bf1 Ne3 30. R8f3 Nxf1 31. Rxf1 Bxf1 32. Rxf1 Ra3 33.
Rf5 Rxc3 34. Rxe5 Kg6 35. Kg2 Kf6 36. Rf5+ Ke6 37. Rf8 Rc2+ 38. Kh3 c5 39. Re8+
Kf7 40. Rc8 c4 41. Kg4 Ke6 42. Kf4 Kd7 43. Rc5 Kd6 44. Rc8 c3 45. Ke3 g5 46.
Kd4 Rd2+ 47. Kxc3 Rxh2 48. Kd4 g4 49. Rg8 h5 50. Rg6+ Ke7 51. Ke5 Kf7 52. Rg5
Rg2 53. Rxh5 Rxg3 54. Kf4 Rg1 55. Rg5 g3 56. Rxg3 Rxg3 57. Kxg3 Kf6 58. Kf4 Ke6
59. e5 Ke7 1/2-1/2

[Event "SR 2. liga A 2013/2014"]
[Site "?"]
[Date "2014.01.11"]
[Round "5.3"]
[White "Certek, Pavel"]
[Black "Machalova, Maria"]
[Result "1/2-1/2"]
[WhiteElo "2286"]
[BlackElo "2091"]
[PlyCount "118"]
[EventDate "2013.??.??"]

1. d4 Nf6 2. c4 e6 3. Nf3 b6 4. e3 Bb7 5. Bd3 Be7 6. O-O O-O 7. Nc3 d5 8. b3 c5
9. Bb2 Nc6 10. cxd5 Nxd5 11. Nxd5 Qxd5 12. dxc5 Bxc5 13. Qe2 Nb4 14. Bc4 Qe4
15. a3 Nd5 16. b4 Bd6 17. Rfd1 Qg6 18. Rac1 Rfd8 19. Bd3 f5 20. Ba6 Bxa6 21.
Qxa6 f4 22. e4 Qxe4 23. Re1 Qg6 24. Qb7 Bf8 25. h3 a5 26. Ne5 Qf5 27. Nc6 Re8
28. Nd4 Qf7 29. Qc6 axb4 30. axb4 Nxb4 31. Qe4 Ra2 32. Ba1 e5 33. Nf3 Bc5 34.
Rf1 Qd5 35. Qxd5+ Nxd5 36. Bxe5 Nb4 37. Rcd1 Rf8 38. Ng5 Nc6 39. Bd6 Rf5 40.
Bxc5 bxc5 41. Nf3 c4 42. Rd7 Ra7 43. Rxa7 Nxa7 44. Rc1 Rc5 45. Nd2 c3 46. Ne4
Rc4 47. Nxc3 Nb5 48. Ne2 Rxc1+ 49. Nxc1 Nd4 50. Kf1 Kf7 51. Ne2 Ne6 52. Nc3 Kf6
53. Ke2 g5 54. Kd3 Ke5 55. Ne4 h6 56. Nd2 Kd5 57. Nf3 Nc5+ 58. Ke2 Ne6 59. Kd3
Nc5+ 1/2-1/2

[Event "SR 2. liga A 2013/2014"]
[Site "?"]
[Date "2014.01.11"]
[Round "5.3"]
[White "Sebo, Viktor"]
[Black "Janos, Jozef"]
[Result "0-1"]
[WhiteElo "2039"]
[BlackElo "2123"]
[PlyCount "56"]
[EventDate "2013.??.??"]

1. e4 c5 2. Nf3 e6 3. d4 cxd4 4. Nxd4 a6 5. Nc3 Qc7 6. Be2 Bb4 7. Bd2 Nf6 8.
Bd3 O-O 9. O-O Bc5 10. Nf3 d6 11. h3 b5 12. Re1 Nc6 13. Bg5 Nd7 14. Bf4 Nde5
15. Nxe5 Nxe5 16. Be3 Bb7 17. f4 Ng6 18. Qf3 f5 19. Qf2 fxe4 20. Bxc5 dxc5 21.
Nxe4 c4 22. Nc5 cxd3 23. Nxe6 Qxc2 24. Qxc2 dxc2 25. Nxf8 Rxf8 26. Rac1 Rc8 27.
Re2 Nxf4 28. Rexc2 Ne2+ 0-1

[Event "SR 2. liga A 2013/2014"]
[Site "?"]
[Date "2014.01.11"]
[Round "5.3"]
[White "Tepper, Frantisek"]
[Black "Sahidi, Samir"]
[Result "1-0"]
[WhiteElo "2153"]
[BlackElo "1885"]
[PlyCount "147"]
[EventDate "2013.??.??"]

1. e4 e5 2. Nf3 Nf6 3. Nc3 Bb4 4. Bc4 d6 5. O-O Bxc3 6. dxc3 h6 7. h3 O-O 8.
Re1 Nc6 9. Nh2 Be6 10. Bxe6 fxe6 11. c4 a6 12. c3 Qe8 13. Re3 Nh5 14. Rf3 Nf4
15. Rg3 Kh8 16. Be3 Ne7 17. Qg4 Qg6 18. Re1 Rf7 19. Bxf4 Qxg4 20. Rxg4 exf4 21.
e5 d5 22. cxd5 exd5 23. Nf3 Kh7 24. e6 Rf6 25. Re5 Re8 26. Nd4 c6 27. h4 Ng6
28. Re1 c5 29. h5 Nf8 30. e7 cxd4 31. exf8=N+ Rfxf8 32. Rxe8 Rxe8 33. Rxf4 dxc3
34. bxc3 Re1+ 35. Kh2 Re2 36. a4 Rc2 37. Rb4 Rxc3 38. Rxb7 Rc5 39. Rd7 Ra5 40.
Rd8 Rxa4 41. Rxd5 Ra2 42. f3 Kg8 43. Rd7 a5 44. Ra7 Kf8 45. Kh3 a4 46. g4 a3
47. f4 Ra1 48. g5 hxg5 49. fxg5 Rh1+ 50. Kg4 Rg1+ 51. Kf5 Rg3 52. Kg6 Re3 53.
Rf7+ Ke8 54. Ra7 Re6+ 55. Kf5 Re3 56. Rxg7 Rc3 57. Rg8+ Kf7 58. Ra8 Rc7 59. h6
Rc5+ 60. Kg4 Kg6 61. Ra6+ Kh7 62. Ra7+ Kh8 63. g6 Rc8 64. Rxa3 Rc4+ 65. Kf5
Rc5+ 66. Ke4 Rc4+ 67. Kd5 Rc8 68. Ra7 Rb8 69. Rd7 Ra8 70. Ke6 Ra6+ 71. Kf7 Ra7
72. Ke7 Ra8 73. Rd8+ Rxd8 74. Kxd8 1-0

[Event "SR 2. liga A 2013/2014"]
[Site "?"]
[Date "2014.01.11"]
[Round "5.3"]
[White "Vrtiakova, Anna"]
[Black "Fabry, Robert"]
[Result "0-1"]
[WhiteElo "1788"]
[BlackElo "2132"]
[PlyCount "90"]
[EventDate "2013.??.??"]

1. e4 e5 2. Nf3 Nc6 3. Nc3 Nf6 4. Bb5 d6 5. d4 exd4 6. Qxd4 Bd7 7. Bxc6 Bxc6 8.
Bg5 Be7 9. O-O-O O-O 10. Rhe1 Nd7 11. Bxe7 Qxe7 12. Nd5 Bxd5 13. Qxd5 Rab8 14.
e5 Nb6 15. Qd4 d5 16. Qg4 Qe6 17. Qxe6 fxe6 18. Re2 c5 19. c3 h6 20. b3 Nd7 21.
Nh4 g5 22. Nf3 Rf5 23. h3 Rbf8 24. Kb2 h5 25. Rf1 Kg7 26. Kc2 g4 27. hxg4 hxg4
28. Nh2 Nxe5 29. f4 gxf3 30. Nxf3 Nxf3 31. Rxf3 Rxf3 32. gxf3 Kf6 33. Rh2 Rg8
34. Rh7 Rg2+ 35. Kb1 Rg7 36. Rh8 e5 37. Kc2 Rg2+ 38. Kb1 e4 39. fxe4 dxe4 40.
Re8 Kf5 41. a4 Kf4 42. Kc1 e3 43. Kd1 Kf3 44. Rf8+ Ke4 45. Re8+ Kd3 0-1

[Event "SR 2. liga A 2013/2014"]
[Site "?"]
[Date "2014.01.11"]
[Round "5.3"]
[White "Mikulas, Dusan"]
[Black "Macko, Peter"]
[Result "1-0"]
[WhiteElo "2112"]
[BlackElo "1768"]
[PlyCount "53"]
[EventDate "2013.??.??"]

1. e4 e6 2. d4 d5 3. e5 c5 4. c3 Qb6 5. Nf3 Nc6 6. Bd3 Bd7 7. O-O cxd4 8. cxd4
Nxd4 9. Nxd4 Qxd4 10. Nc3 a6 11. Qf3 Rc8 12. Bf4 Ne7 13. Rad1 Qb6 14. Bc1 Ng6
15. Qg3 Be7 16. Kh1 O-O 17. f4 Rfd8 18. f5 exf5 19. Nxd5 Qa5 20. Nxe7+ Nxe7 21.
Bg5 Re8 22. Bb1 Be6 23. h4 Nc6 24. Bf6 g6 25. Qg5 Qc5 26. Rd6 Nxe5 27. Qh6 1-0